000 00645nam a2200241Ia 4500
003 OSt
005 20220918200853.0
006 a|||||r|||| 00| 0
007 ta
008 220917b |||||||| |||| 00| 0 eng d
024 _a90,614
037 _cTextual
040 _aARTS
_cARTS
_beng
041 _2eng
_aeng
082 _aU6711:6, K9 (906)
100 _aThomas M F ed
_995846
245 0 _aEnvironment and land use of Africa
260 _c1969
650 _aGEOGRAPHY
700 _a Whittington G W ed
_995847
942 _hU6711:6, K9 (906)
_cTEXL
_2CC
999 _c214275
_d214275